000 00216 a2200097 4500
001 52599
100 _aPapouils A
245 _aCircuits and Systems
260 _aNew York
_bHolt Rinehart
_c
090 _c33085
_d33085
942 _aNUST-CAE
_cM
_c25653
999 _c287672
_d287672